| 000 | 00488nam a2200181Ia 4500 | ||
|---|---|---|---|
| 003 | GCL | ||
| 008 | 140319s9999 xx 000 0 eng d | ||
| 040 |
_aGCL / _cGCL |
||
| 082 | 0 | 4 |
_a704.02 _bB C |
| 100 | 1 | _aBECKUTH, JOHN | |
| 245 | 1 | 0 |
_aEARLY MEDIEVAL ART: CARALINGIR OHONIAN ROMANESQUE / _cBECKUTH, JOHN |
| 260 |
_a[S.N] : _bTHAMES AND HUDSON ، _c1994 |
||
| 300 | _a270P | ||
| 650 | 0 | 4 | _aMEDIEVAL ART |
| 650 | 0 | 4 | _aART - HISTORY |
| 650 | 0 | 4 | _aEARLY MEDIVEAL ARTS |
| 942 |
_2ddc _cBK |
||
| 999 |
_c11407 _d11407 |
||